Indovina la canzone di Marracash senza indizi #2 - Statistics

Statistiche generali
  • Questo quiz è stato fatto 55 volte
    46 dall'ultimo reset
  • Il punteggio medio è 120 su 310
Statistiche sulle risposte
Risposta % Corretto
a
98%
A
98%
i
95%
lo
88%
no
85%
È
80%
e
80%
è
80%
E
80%
o
80%
78%
la
78%
io
73%
le
73%
Se
73%
so
73%
di
71%
Di
71%
ma
71%
mi
71%
con
68%
si
68%
il
66%
Il
66%
me
66%
non
66%
te
66%
un
66%
Un
66%
che
63%
Che
63%
in
59%
In
59%
Da
56%
da
56%
quando
56%
tra
56%
una
56%
ci
54%
sono
54%
Sono
54%
li
51%
Amore
46%
come
46%
sei
46%
hai
44%
Solo
44%
solo
44%
Lei
41%
lei
41%
mai
41%
mia
41%
poi
41%
detto
37%
AI
34%
dei
34%
del
34%
più
34%
suo
34%
fuori
29%
già
29%
mio
29%
tanto
29%
tempo
29%
tutto
29%
passato
27%
sempre
27%
fai
24%
love
24%
ogni
24%
Siamo
24%
sto
24%
Sto
24%
troppo
24%
degli
22%
Dio
22%
nel
22%
Ora
22%
ora
22%
Umano
22%
umano
22%
cash
20%
CGI
20%
cinque
20%
ciò
20%
cosa
20%
innamoro
20%
litighiamo
20%
persona
20%
Rapper
20%
stelle
20%
suoi
20%
vorrei
20%
alla
17%
altre
17%
bisettrice
17%
byte
17%
cadaveri
17%
cifre
17%
col
17%
design
17%
faccette
17%
faccine
17%
figli
17%
Metti
17%
Numeri
17%
numeri
17%
spaccarti
17%
cena
15%
device
15%
divisi
15%
hard
15%
mama
15%
nemmeno
15%
Nietzsche
15%
parli
15%
radice
15%
resort
15%
robot
15%
scriveva
15%
server
15%
Servi
15%
servi
15%
supercar
15%
AirDrop
12%
Ammettilo
12%
base
12%
bot?
12%
comprano
12%
connette
12%
dicono
12%
ed
12%
Eliminare
12%
fammi
12%
filtri
12%
Futurama
12%
hardware
12%
influencer
12%
l'imperfezione
12%
Michael
12%
prompt
12%
ricordi
12%
soft
12%
software
12%
tue
12%
tutte
12%
Veri
12%
Vertice
12%
vivere
12%
Volta
12%
ammicchi
10%
ancora
10%
applica
10%
cavo
10%
cui
10%
Cyber
10%
dacci
10%
dentro
10%
Dimmi
10%
emozioni
10%
GIF
10%
giusto
10%
Knight
10%
macchine
10%
Morire
10%
NPC
10%
Orgogliosamente
10%
parlando
10%
Pride
10%
alambicchi
7%
algoritmi
7%
Björk
7%
clip
7%
ehi
7%
Leela
7%
l'unica
7%
noiosi
7%
online
7%
ormai
7%
Passami
7%
promesse
7%
realtà
7%
render
7%
spalle
7%
artificiali
5%
Cerchi
5%
delude
5%
finti
5%
formula
5%
Fry
5%
incredibili
5%
Mirò
5%
oppure
5%
overclock
5%
overdose
5%
Sulle
5%
vivrò
5%
Cloud
2%
linee
2%
nuvole
2%
wild
2%
wired
2%
Nessun quiz corrispondente trovato
Distribuzione punteggi
Percentuale di utenti per punteggio
Percentile per numero di risposta
I tuoi punteggi nel tempo
Non hai fatto questo quiz dall'ultimo reset